Statistics for All 1,000 Yard Rushers of the 2020s

Click here to take the quiz!

General Stats

  • This quiz has been taken 18 times
  • The average score is 38 of 44

Answer Stats

TeamYearYardsPlayer% Correct
49ers20231,459Christian McCaffrey
100%
Titans20231,167Derrick Henry
100%
Eagles20231,049D'Andre Swift
94%
Vikings20211,159Dalvin Cook
89%
Vikings20201,557Dalvin Cook
89%
Vikings20221,173Dalvin Cook
89%
Lions20231,015David Montgomery
89%
Titans20202,027Derrick Henry
89%
Titans20221,538Derrick Henry
89%
Cowboys20211,002Ezekiel Elliott
89%
Bills20231,122James Cook
89%
Bengals20231,034Joe Mixon
89%
Bengals20211,205Joe Mixon
89%
Colts20211,811Jonathan Taylor
89%
Colts20201,169Jonathan Taylor
89%
Raiders20201,065Josh Jacobs
89%
Raiders20221,653Josh Jacobs
89%
Steelers20211,200Najee Harris
89%
Steelers20221,034Najee Harris
89%
Steelers20231,035Najee Harris
89%
Browns20221,525Nick Chubb
89%
Browns20201,067Nick Chubb
89%
Browns20211,259Nick Chubb
89%
Dolphins20231,012Raheem Mostert
89%
Giants20221,312Saquon Barkley
89%
Cowboys20221,007Tony Pollard
89%
Cowboys20231,005Tony Pollard
89%
Jaguars20231,008Travis Etienne
89%
Jaguars20221,125Travis Etienne
89%
Packers20201,104Aaron Jones
83%
Packers20221,121Aaron Jones
83%
Bears20201,070David Montgomery
83%
Cardinals20231,040James Conner
83%
Seahawks20221,050Kenneth Walker III
83%
Ravens20201,005Lamar Jackson
83%
49ers20221,139Christian McCaffrey
78%
Lions20221,066Jamaal Williams
78%
Rams20231,144Kyren Williams
78%
Commanders20211,037Antonio Gibson
72%
Bears20221,143Justin Fields
72%
Jaguars20201,070James Robinson
67%
Eagles20221,269Miles Sanders
67%
Patriots20221,040Rhamondre Stevenson
67%
Falcons20221,035Tyler Allgeier
67%

Score Distribution

Percentile by Number Answered

Percent of People with Each Score

Your Score History

You have not taken this quiz